Music Quiz

Random Music or Grab Bag Quiz
Score 0/12 Timer 04:00
14 Plays Today
% Correct
Barbershop Music
96.8%
Symphony No. 9 (Beethoven)
96.7%
Reggae
96.3%
Bagpipes
95.7%
Gong
95%
Blues
94.8%
Glam Metal
94.7%
Ocarina
89.9%
Jazz
89%
Pipe Organ
88%
Timbre
83.9%
Karaoke
66.6%
Remove Ads.
Support Sporcle.
Get the best of Sporcle when you Go Orange. This ad-free experience offers more features, more stats, and more fun while also helping to support Sporcle. Thank you for becoming a member.

You're not logged in!

Compare scores with friends on all Sporcle quizzes.
OR
Log In

Show Comments

Extras

Top Quizzes Today


Score Distribution

Your Account Isn't Verified!

In order to create a playlist on Sporcle, you need to verify the email address you used during registration. Go to your Sporcle Settings to finish the process.

Report this User

Report this user for behavior that violates our Community Guidelines.

Details: